<?xml version="1.0" encoding="UTF-8"?>
<record
    xmlns:xsi="http://www.w3.org/2001/XMLSchema-instance"
    xsi:schemaLocation="http://www.loc.gov/MARC21/slim http://www.loc.gov/standards/marcxml/schema/MARC21slim.xsd"
    xmlns="http://www.loc.gov/MARC21/slim">

  <leader>00573nam a22001577a 4500</leader>
  <controlfield tag="003">OSt</controlfield>
  <controlfield tag="005">20151214142338.0</controlfield>
  <controlfield tag="008">151214b        xxu||||| |||| 00| 0 eng d</controlfield>
  <datafield tag="040" ind1=" " ind2=" ">
    <subfield code="c">RUA</subfield>
  </datafield>
  <datafield tag="082" ind1=" " ind2=" ">
    <subfield code="a">FIS MOK 2001 B192 Or.1</subfield>
  </datafield>
  <datafield tag="100" ind1=" " ind2=" ">
    <subfield code="9">4837</subfield>
    <subfield code="a">MOK, SOKNOEUV.</subfield>
  </datafield>
  <datafield tag="245" ind1=" " ind2=" ">
    <subfield code="a">Construction and efficiency of drum seeder,&#x179F;&#x17C6;&#x178E;&#x1784;&#x17CB; &#x1793;&#x17B7;&#x1784;&#x1794;&#x17D2;&#x179A;&#x179F;&#x17B7;&#x1791;&#x17D2;&#x1792;&#x1797;&#x17B6;&#x1796;&#x17A7;&#x1794;&#x1780;&#x179A;&#x178E;&#x17CF;&#x178A;&#x17B6;&#x17C6;&#x1782;&#x17D2;&#x179A;&#x17B6;&#x1794;&#x17CB;&#x179F;&#x17D2;&#x179A;&#x17BC;&#x179C;&#x1794;&#x17D2;&#x179A;&#x1797;&#x17C1;&#x1791;&#x178A;&#x17D2;&#x179A;&#x17B6;&#x17C6;&#x179F;&#x17CA;&#x17B8;&#x178A;&#x17D0;&#x179A;</subfield>
  </datafield>
  <datafield tag="260" ind1=" " ind2=" ">
    <subfield code="a">Phnom Penh</subfield>
    <subfield code="b">RUA</subfield>
    <subfield code="c">2001</subfield>
  </datafield>
  <datafield tag="300" ind1=" " ind2=" ">
    <subfield code="a">49p.</subfield>
    <subfield code="b">ill.</subfield>
    <subfield code="c">29cm.</subfield>
  </datafield>
  <datafield tag="942" ind1=" " ind2=" ">
    <subfield code="2">ddc</subfield>
    <subfield code="c">FIS</subfield>
  </datafield>
  <datafield tag="999" ind1=" " ind2=" ">
    <subfield code="c">4498</subfield>
    <subfield code="d">4498</subfield>
  </datafield>
  <datafield tag="952" ind1=" " ind2=" ">
    <subfield code="0">0</subfield>
    <subfield code="1">0</subfield>
    <subfield code="2">ddc</subfield>
    <subfield code="4">0</subfield>
    <subfield code="6">ATM_MOK_2001_000000000000000_B192_OR_1</subfield>
    <subfield code="7">0</subfield>
    <subfield code="9">23395</subfield>
    <subfield code="a">LBB</subfield>
    <subfield code="b">LBB</subfield>
    <subfield code="c">B192</subfield>
    <subfield code="d">2015-12-14</subfield>
    <subfield code="l">1</subfield>
    <subfield code="o">ATM MOK 2001 B192 Or.1</subfield>
    <subfield code="p">RUA039304</subfield>
    <subfield code="r">2016-08-08</subfield>
    <subfield code="s">2016-07-05</subfield>
    <subfield code="w">2015-12-14</subfield>
    <subfield code="y">FIS</subfield>
  </datafield>
  <datafield tag="952" ind1=" " ind2=" ">
    <subfield code="0">0</subfield>
    <subfield code="1">0</subfield>
    <subfield code="2">ddc</subfield>
    <subfield code="4">0</subfield>
    <subfield code="6">ATM_MOK_2001_000000000000000_B192_OR_2</subfield>
    <subfield code="7">0</subfield>
    <subfield code="9">23396</subfield>
    <subfield code="a">LBB</subfield>
    <subfield code="b">LBB</subfield>
    <subfield code="c">B192</subfield>
    <subfield code="d">2015-12-14</subfield>
    <subfield code="l">2</subfield>
    <subfield code="m">3</subfield>
    <subfield code="o">ATM MOK 2001 B192 Or.2</subfield>
    <subfield code="p">RUA039181</subfield>
    <subfield code="r">2018-07-04</subfield>
    <subfield code="s">2018-05-28</subfield>
    <subfield code="w">2015-12-14</subfield>
    <subfield code="y">FIS</subfield>
  </datafield>
  <datafield tag="952" ind1=" " ind2=" ">
    <subfield code="0">0</subfield>
    <subfield code="1">0</subfield>
    <subfield code="2">ddc</subfield>
    <subfield code="4">0</subfield>
    <subfield code="6">ATM_MOK_2001_000000000000000_B192_OR_3</subfield>
    <subfield code="7">0</subfield>
    <subfield code="9">23397</subfield>
    <subfield code="a">LBB</subfield>
    <subfield code="b">LBB</subfield>
    <subfield code="c">B192</subfield>
    <subfield code="d">2015-12-14</subfield>
    <subfield code="l">4</subfield>
    <subfield code="o">ATM MOK 2001 B192 Or.3</subfield>
    <subfield code="p">RUA039124</subfield>
    <subfield code="r">2023-02-17</subfield>
    <subfield code="s">2023-01-16</subfield>
    <subfield code="w">2015-12-14</subfield>
    <subfield code="y">FIS</subfield>
  </datafield>
  <datafield tag="952" ind1=" " ind2=" ">
    <subfield code="0">0</subfield>
    <subfield code="1">0</subfield>
    <subfield code="2">ddc</subfield>
    <subfield code="4">0</subfield>
    <subfield code="6">ATM_MOK_2001_000000000000000_B192_OR_4</subfield>
    <subfield code="7">0</subfield>
    <subfield code="9">23398</subfield>
    <subfield code="a">LBB</subfield>
    <subfield code="b">LBB</subfield>
    <subfield code="c">B192</subfield>
    <subfield code="d">2015-12-14</subfield>
    <subfield code="o">ATM MOK 2001 B192 Or.4</subfield>
    <subfield code="p">RUA039188</subfield>
    <subfield code="r">2015-12-14</subfield>
    <subfield code="w">2015-12-14</subfield>
    <subfield code="y">FIS</subfield>
  </datafield>
  <datafield tag="952" ind1=" " ind2=" ">
    <subfield code="0">0</subfield>
    <subfield code="1">0</subfield>
    <subfield code="2">ddc</subfield>
    <subfield code="4">0</subfield>
    <subfield code="6">ATM_MOK_2001_000000000000000_B192_OR_5</subfield>
    <subfield code="7">0</subfield>
    <subfield code="9">23399</subfield>
    <subfield code="a">LBB</subfield>
    <subfield code="b">LBB</subfield>
    <subfield code="c">B192</subfield>
    <subfield code="d">2015-12-14</subfield>
    <subfield code="l">2</subfield>
    <subfield code="o">ATM MOK 2001 B192 Or.5</subfield>
    <subfield code="p">RUA039126</subfield>
    <subfield code="r">2018-12-03</subfield>
    <subfield code="s">2018-11-20</subfield>
    <subfield code="w">2015-12-14</subfield>
    <subfield code="y">FIS</subfield>
  </datafield>
  <datafield tag="952" ind1=" " ind2=" ">
    <subfield code="0">0</subfield>
    <subfield code="1">0</subfield>
    <subfield code="2">ddc</subfield>
    <subfield code="4">0</subfield>
    <subfield code="6">ATM_MOK_2001_000000000000000_B192_OR_6</subfield>
    <subfield code="7">0</subfield>
    <subfield code="9">23400</subfield>
    <subfield code="a">LBB</subfield>
    <subfield code="b">LBB</subfield>
    <subfield code="c">B192</subfield>
    <subfield code="d">2015-12-14</subfield>
    <subfield code="l">3</subfield>
    <subfield code="o">ATM MOK 2001 B192 Or.6</subfield>
    <subfield code="p">RUA039006</subfield>
    <subfield code="r">2019-07-22</subfield>
    <subfield code="s">2019-07-10</subfield>
    <subfield code="w">2015-12-14</subfield>
    <subfield code="y">FIS</subfield>
  </datafield>
</record>
